| 000 | 01132cam a2200337 i 4500 | ||
|---|---|---|---|
| 999 |
_c28678 _d28649 |
||
| 001 | 3657312 | ||
| 003 | EG-ScBUE | ||
| 005 | 20200907131038.0 | ||
| 008 | 760805s1976 enk f b 001 0 eng d | ||
| 020 | _a0043500536 | ||
| 040 |
_aDLC _beng _erda _cDLC _dDLC _dEG-ScBUE |
||
| 043 | _ae-uk--- | ||
| 082 | 0 | 4 |
_a363.50941 _bMUR _222 |
| 100 | 1 |
_aMurie, Alan, _eauthor. |
|
| 245 | 1 | 0 |
_aHousing policy and the housing system / _cby Alan Murie, Pat Niner, Christopher Watson. |
| 264 | 1 |
_aLondon : _bGeorge Allen & Unwin Ltd, _c1976. |
|
| 300 |
_aiii, xix, 282 pages ; _c23 cm. |
||
| 336 |
_2rdacontent _atext _btxt |
||
| 337 |
_2rdamedia _aunmediated _bn |
||
| 338 |
_2rdacarrier _avolume _bnc |
||
| 490 | 0 |
_aUrban and regional studies ; _vno. 7 |
|
| 504 | _aIncludes bibliographical references and index. | ||
| 650 | 7 |
_aHousing _zGreat Britain. _2BUEsh |
|
| 650 | 7 |
_aHousing policy _zGreat Britain. _2BUEsh |
|
| 653 |
_bGGEN _cAugust2020 |
||
| 655 |
_vReading book _934232 |
||
| 700 | 1 |
_aNiner, Pat, _ejoint author. |
|
| 700 | 1 |
_aWatson, C. J., _ejoint author. |
|
| 906 |
_a7 _bcbc _corignew _d3 _encip _f19 _gy-gencatlg |
||
| 942 |
_2ddc _cBB |
||